Tecnología de los reactores nucleares / (Record no. 126128)

MARC details
000 -LEADER
campo de control de longitud fija 00908nam a2200217 i 4500
001 - NÚMERO DE CONTROL
campo de control 126128
003 - IDENTIFICADOR DE NÚMERO DE CONTROL
campo de control ES-MaACL
005 - FECHA Y HORA DE LA ÚLTIMA TRANSACCIÓN
campo de control 20230906192748.0
007 - CAMPO FIJO DE DESCRIPCIÓN FÍSICA--INFORMACIÓN GENERAL
campo de control de longitud fija t|
008 - DATOS DE LONGITUD FIJA--INFORMACIÓN GENERAL
campo de control de longitud fija 070214s1968 sp r ||||1| spa d
245 00 - MENCIÓN DEL TÍTULO
Título Tecnología de los reactores nucleares /
Mención de responsabilidad, etc. publicado bajo la dirección de Thomas Reis ; por Paul Ageron... [et al.] ; prólogo de León Jacqué ; traducido por López de Chueha.
Número de parte o sección de la obra , . I,
Nombre de parte o sección de la obra Materiales.
260 ## - PUBLICACIÓN, DISTRIBUCIÓN, ETC.
Lugar de publicación, distribución, etc. Bilbao :
Nombre del editor, distribuidor, etc. Urmo,
Fecha de publicación, distribución, etc. 1968.
300 ## - DESCRIPCIÓN FÍSICA
Extensión 1 v. :
Otras características físicas il. ;
Dimensiones 25 cm.
505 8# - NOTA DE CONTENIDO CON FORMATO
Nota de contenido con formato Contiene: I. Materiales / por Paul Ageron [y otros] ; prólogo de Leon Jacque ; traducido por López de Chueca ; revisado por M.A. García Ramírez
650 #4 - PUNTO DE ACCESO ADICIONAL DE MATERIA--TÉRMINO DE MATERIA
Término de materia o nombre geográfico como elemento de entrada Reactores nucleares.
9 (RLIN) 165703
700 1# - ENTRADA AGREGADA--NOMBRE PERSONAL
Nombre de persona Reis, Thomas.
9 (RLIN) 96077
700 1# - ENTRADA AGREGADA--NOMBRE PERSONAL
Nombre de persona Ageron, Paul.
9 (RLIN) 18553
700 1# - ENTRADA AGREGADA--NOMBRE PERSONAL
Nombre de persona Jacqué, León.
9 (RLIN) 65872
700 1# - ENTRADA AGREGADA--NOMBRE PERSONAL
Nombre de persona López de Chueca, Aurora.
9 (RLIN) 73536
852 ## - LOCALIZACIÓN
Ubicación ES-MaACL
Número de control de estantería P-1376
Sublocalización o colección R.68304
Holdings
Estatus retirado Estado de pérdida Estado de daño No para préstamo Biblioteca de origen Biblioteca actual Ubicación en estantería Fecha de adquisición Fuente de adquisición Total de préstamos Signatura topográfica completa Código de barras Visto por última vez Precio de reemplazo Tipo de ítem Koha
        Biblioteca del Ateneo de Madrid Biblioteca del Ateneo de Madrid Depósito 2 17/01/2008     P-1376 1131376 23/02/2023 23/02/2023 Libro impreso